Kỹ thuật đồ họa

Na minha lista:
Detalhes bibliográficos
Autor principal: Lê Tấn Hùng
Formato: Livro
Idioma:Undetermined
Publicado em: H. KHKT 2002
Assuntos:
Tags: Adicionar Tag
Sem tags, seja o primeiro a adicionar uma tag!
Thư viện lưu trữ: Trung tâm Học liệu Trường Đại học Cần Thơ
LEADER 00549nam a2200205Ia 4500
001 CTU_62595
008 210402s9999 xx 000 0 und d
020 |b 36000 
082 |a 006.6 
082 |b H513 
100 |a Lê Tấn Hùng 
245 0 |a Kỹ thuật đồ họa 
245 0 |c Lê Tấn Hùng và Huỳnh Quyết Thắng 
260 |a H. 
260 |b KHKT 
260 |c 2002 
650 |a computer graphics 
650 |x computer programs 
904 |i Minh 
980 |a Trung tâm Học liệu Trường Đại học Cần Thơ